[Event "Carlos Torre Memorial op 33rd"]
[Site "Merida"]
[Date "2023.12.16"]
[Round "4"]
[White "Trevino, Luna Angel Daniel"]
[Black "Manriquez Licea, Mario Mauricio"]
[Result "1-0"]
[WhiteElo "1790"]
[BlackElo "1725"]
[PlyCount "53"]
[EventDate "2023.12.15"]
[EventType "swiss"]
[EventRounds "9"]
[EventCountry "MEX"]
[SourceTitle "CB52_2023"]
[SourceDate "2023.12.27"]
[SourceVersion "1"]
[SourceVersionDate "2023.12.27"]
[SourceQuality "1"]

1. d4 Nf6 2. Bf4 c5 3. e3 d5 4. c3 Bf5 5. Nf3 e6 6. Bxb8 Rxb8 7. Bb5+ Ke7 8. dxc5 a6 9. Bd3 Bg6 10. 0-0 Ne4 11. b4 f5 12. Qc2 Bf7 13. Bxe4 dxe4 14. Nd4 g5 15. Na3 Kf6 16. Rad1 Qc7 17. Rd2 e5 18. Nb3 h5 19. Rfd1 Be8 20. Nc4 Rh7 21. Nd6 Bg6 22. c4 g4 23. Rd5 Bf7 24. Rxe5 Kxe5 25. Qc3+ Ke6 26. Nd4+ Kd7 27. N4b5 1-0

[Event "Carlos Torre Memorial op 33rd"]
[Site "Merida"]
[Date "2023.12.15"]
[Round "1"]
[White "Manriquez Licea, Mario Mauricio"]
[Black "Galaviz Medina, Atlas Adomaitis"]
[Result "0-1"]
[WhiteElo "1725"]
[BlackElo "2171"]
[PlyCount "56"]
[EventDate "2023.12.15"]
[EventType "swiss"]
[EventRounds "9"]
[EventCountry "MEX"]
[SourceTitle "CB52_2023"]
[SourceDate "2023.12.27"]
[SourceVersion "1"]
[SourceVersionDate "2023.12.27"]
[SourceQuality "1"]

1. e4 c5 2. c3 d5 3. exd5 Qxd5 4. d4 cxd4 5. cxd4 Nc6 6. Nf3 e5 7. Nc3 Bb4 8. Bd2 Bxc3 9. Bxc3 e4 10. Ne5 Nxe5 11. dxe5 Be6 12. Qa4+ Bd7 13. Bc4 Qd2+ 14. Bxd2 Bxa4 15. Bd5 f5 16. Rc1 Ne7 17. Be6 Bd7 18. Bb3 Rd8 19. Bb4 Bc6 20. 0-0 Nd5 21. Bd6 Nf4 22. Rc2 h5 23. Rd1 Rh6 24. Rxc6 bxc6 25. Rd2 Nd3 26. a3 Nxe5 27. Bxe5 Rxd2 28. Ba4 Kd7 0-1

[Event "Carlos Torre Memorial op 33rd"]
[Site "Merida"]
[Date "2023.12.15"]
[Round "2"]
[White "Sepliarsky, Mario"]
[Black "Manriquez Licea, Mario Mauricio"]
[Result "1-0"]
[WhiteElo "2085"]
[BlackElo "1725"]
[PlyCount "57"]
[EventDate "2023.12.15"]
[EventType "swiss"]
[EventRounds "9"]
[EventCountry "MEX"]
[SourceTitle "CB52_2023"]
[SourceDate "2023.12.27"]
[SourceVersion "1"]
[SourceVersionDate "2023.12.27"]
[SourceQuality "1"]

1. c4 e5 2. Nc3 Nf6 3. g3 Bc5 4. Bg2 0-0 5. e3 Re8 6. Nge2 c6 7. d4 exd4 8. exd4 Bb6 9. 0-0 d5 10. cxd5 cxd5 11. Bg5 Be6 12. h3 h6 13. Bf4 Nc6 14. Na4 Bc7 15. Rc1 Rc8 16. Nc5 b6 17. Nxe6 Rxe6 18. Bxc7 Rxc7 19. Nf4 Re8 20. Qa4 Ne7 21. Rfe1 g5 22. Rxc7 Qxc7 23. Nxd5 Nexd5 24. Rxe8+ Kg7 25. Re1 h5 26. Qb3 Ne7 27. Qe3 Nh7 28. Qxe7 Qxe7 29. Rxe7 1-0